| 000 | 00390nam a22001697a 4500 | ||
|---|---|---|---|
| 003 | OSt | ||
| 008 | 200715b ||||| |||| 00| 0 eng d | ||
| 082 | _a615.321 GOC | ||
| 100 | _aGokhale, S.B | ||
| 245 | _aCompilation of Selected Herbal | ||
| 250 | _a2019 | ||
| 260 |
_aNew Delhi _bNirali |
||
| 300 | _aPg-91+1.5 | ||
| 650 | _aPharmacognosy | ||
| 700 | _aBuheti , D.G | ||
| 942 |
_2ddc _cBK |
||
| 999 |
_c9063 _d9063 |
||